Mañanita: método de lectura

Gespeichert in:
Bibliographische Detailangaben
1. Verfasser: Davel de Deambrosi, Rosalíaa
Format: keine Angabe
Sprache:Spanisch
Erschienen: Buenos Aires Estrada 1935
Ausgabe:13a ed.
Katalog:MANES:  Suchergebnis im Bibliothekskatalog
Schulbuchspezifische Eigenschaften:
Tags: Tag hinzufügen
Keine Tags, Fügen Sie den ersten Tag hinzu!
Hinzugefügt zu:26.04.2016
Geändert in:07.05.2025

MARC

LEADER 000000000a22000000004500
001 36192
003 OSt
005 20250507125814.0
008 160427s ar ||||| |||| 00| 0 spa d
041 |a Español 
561 |5 ar-DOCE  |a Argentina. Biblioteca del Docente  |k MANES 
691 0 |a PRI 
100 1 |a Davel de Deambrosi, Rosalíaa  |9 18484 
245 0 0 |a Mañanita: método de lectura 
250 |a 13a ed. 
260 3 |a Buenos Aires  |b Estrada  |c 1935 
300 |a 96 p.  |c 14 x 20 cm. 
500 |a Signatura topográfica: HTA 1935 DAVm. Aprobado por el Consejo Nacional de Educación (Exp. 40335 D 1930). 
690 0 |a EyL 
942 |2 ddc  |c BK 
546 |a Argentina 
999 |c 39764  |d 39764 
999 |c manes:39764  |d 39764